000 00819nam a2200241 i 4500
003 DO-SdBNP
005 20230414133228.0
007 ta
008 230414b1986 dr ||||| |||| 00| 0 spa d
040 _aDO-SdBNP
_bspa
_cBNPHU
_erda
082 4 _222
242 0 0 _cAlejandro Abreu ; presentación Bernardo Matías
245 0 0 _aPeña vs. Leonel a la sombra de Balaguer :
_blos hilos ocultos de la historia /
_cAlejandro Abreu ; presentación Bernardo Matías
264 _aSanto Domingo :
_bMovimiento Bienestar y Democracia,
_c1996.
300 _a50 p. ;
_c21 cm.
336 _2rdacontent
_atexto
_btxt
337 _2rdamedia
_asin mediación
_bn
338 _2rdacarrier
_avolumen
_bnc
590 _aInventariado, 2023/BT
700 _aMatías, Bernardo,
_epresentación
_96004
910 _aBtavárez
942 _2ddc
_cLF2
999 _c53263
_d53263